| 000 | 00802cam a22002171i 4500 | ||
|---|---|---|---|
| 001 | 000013876 | ||
| 005 | 20200929163401.0 | ||
| 008 | 840918s1945 mx r 000 0 spa | ||
| 040 |
_aDO-SdBNP _bspa _cBNPHU |
||
| 082 |
_axxxx _bxxxx |
||
| 100 | 1 |
_aTrasbot, Andre. _931429 |
|
| 245 | 1 | 3 |
_aEl acto de administración en derecho privado francés / _cAndre Trasbot ; traducción de Francisco Porrua Pérez. |
| 260 |
_aMéxico : _bPorrua, _c1945. |
||
| 300 |
_a252 p. ; _c21 cm. |
||
| 500 | _aIncluye referencias bibliográficas y notas al pie de las páginas | ||
| 504 | _aBibliografía : p. 243-246 | ||
| 590 | _aInventariado, 2019/BT | ||
| 650 | 4 |
_aFideicomisos y sindicos _zFrancia _931430 |
|
| 650 | 4 |
_aAlbaceas y administradores _zFrancia _931431 |
|
| 700 | 1 | 2 |
_aPorrua Pérez, Francisco, _etrad. _931432 |
| 999 |
_c13482 _d13482 |
||